|
|
|
|
| LEADER |
01861cas a2200253 a 4500 |
| 001 |
AALejournalIMF006248 |
| 008 |
230101c9999 xx r poo 0 0eng d |
| 020 |
|
|
|c 5.00 USD
|
| 020 |
|
|
|z 9781451962239
|
| 022 |
|
|
|a 1018-5941
|
| 040 |
|
|
|a BD-DhAAL
|c BD-DhAAL
|
| 100 |
1 |
|
|a Detragiache, Enrica.
|
| 245 |
1 |
0 |
|a Responding to Banking Crises :
|b Lessons From Cross-Country Evidence /
|c Enrica Detragiache, Giang Ho.
|
| 264 |
|
1 |
|a Washington, D.C. :
|b International Monetary Fund,
|c 2010.
|
| 300 |
|
|
|a 1 online resource (33 pages)
|
| 490 |
1 |
|
|a IMF Working Papers
|
| 500 |
|
|
|a <strong>Off-Campus Access:</strong> No User ID or Password Required
|
| 500 |
|
|
|a <strong>On-Campus Access:</strong> No User ID or Password Required
|
| 506 |
|
|
|a Electronic access restricted to authorized BRAC University faculty, staff and students
|
| 520 |
3 |
|
|a A common legacy of banking crises is a large increase in government debt, as fiscal resources are used to shore up the banking system. Do crisis response strategies that commit more fiscal resources lower the economic costs of crises? Based on evidence from a sample of 40 banking crises we find that the answer is negative. In fact, policies that are riskier for the government budget are associated with worse, not better, post-crisis performance. We also show that parliamentary political systems are more prone to adopt bank rescue measures that are costly for the government budget. We take advantage of this relationship to instrument the policy response, thereby addressing concerns of joint endogeneity. We find no evidence that endogeneity is a source of bias.
|
| 538 |
|
|
|a Mode of access: Internet
|
| 700 |
1 |
|
|a Ho, Giang.
|
| 830 |
|
0 |
|a IMF Working Papers; Working Paper ;
|v No. 2010/018
|
| 856 |
4 |
0 |
|z Full text available on IMF
|u http://elibrary.imf.org/view/journals/001/2010/018/001.2010.issue-018-en.xml
|z IMF e-Library
|